Ασκήσεις μαθηματικών : θετική κατεύθυνση Γ' Λυκείου
Αποθηκεύτηκε σε:
| Κύριος συγγραφέας: | |
|---|---|
| Μορφή: | Βιβλίο |
| Γλώσσα: | Greek |
| Δημοσίευση: |
[Χ.τ.] :
[χ.ό.],
[19--]
|
| Θέματα: | |
| Ετικέτες: |
Προσθήκη ετικέτας
Δεν υπάρχουν, Καταχωρήστε ετικέτα πρώτοι!
|
MARC
| LEADER | 00000nam a2200000 a 4500 | ||
|---|---|---|---|
| 001 | 1/126376 | ||
| 008 | 230324q19uu####gr | ||| |||| ||gre|| | ||
| 040 | |a GR-MyUa |b gre |c GR-MyUa |e AACR2 | ||
| 041 | 0 | |a gre | |
| 082 | 7 | |a 510.76 |2 (23) | |
| 100 | 1 | |a Παπακωνσταντίνου, Δημήτρης Α. | |
| 245 | 1 | 0 | |a Ασκήσεις μαθηματικών : |b θετική κατεύθυνση Γ' Λυκείου / |c Δημήτριος Παπακωνσταντίνου. |
| 260 | |a [Χ.τ.] : |b [χ.ό.], |c [19--] | ||
| 300 | |a 100 [6] σ. : |b διάγρ., πιν. ; |c 15 εκ. | ||
| 505 | 8 | |a Μιγαδικοί αριθμοί, Συναρτήσεις, Όρια-Συνέχεια, Παράγωγοι, Ολοκληρώματα. | |
| 650 | 0 | |a Mathematics |x Problems, exercises, etc. | |
| 650 | 0 | |a Numbers, Complex | |
| 650 | 0 | |a Functions | |
| 650 | 0 | |a Integrals | |
| 852 | |a INST |b SAMOS |e 20230324 |h 510.76 ΠΑΠ |p 005300048059 |q 005300048059 |t BK |y 0 | ||
| 970 | |a Κοσιέρης |b Χρήστος |z 24-03-2023 | ||